000
00260nam a22000977a 4500
999
_c
515744
_d
515744
082
_a
TNC BA27x5413 T326
100
_a
Thakur, R. N.
_9
21550
245
_a
Social matrix of a tribal village
_c
by R. N. Thakur
260
_a
New Delhi
_b
Archives
_c
1989
300
_a
135p.